| 000 | 00660nam a2200241 a 4500 | ||
|---|---|---|---|
| 001 | 69305 | ||
| 003 | BD-RjUL | ||
| 005 | 20211209081853.0 | ||
| 008 | 170410s1968 enka b 000 0 eng d | ||
| 035 | _a(BD-RjUL)69516 | ||
| 040 |
_aDLC _cDLC _dBD-RjUL _beng |
||
| 041 | _aeng | ||
| 082 | 0 | 0 |
_a910 _223 _bARF 1968 |
| 100 | 1 |
_aArcher, J. E. _9205327 |
|
| 245 | 1 | 0 |
_aFieldwork in geography / _cJ. E. Archer ; T. H. Dalton |
| 260 |
_aLondon : _bBatsford, _c1968. |
||
| 300 |
_a311 p. : _bill. ; _c23 cm. |
||
| 504 | _aInclude Bibliography | ||
| 650 | 0 |
_aGeography and travel _9119188 |
|
| 700 | 1 |
_aDalton, T. H. _9205328 |
|
| 942 |
_2ddc _cBK |
||
| 999 |
_c69305 _d69305 |
||